Chris Pratt Movies - Statistics

General Stats
  • This quiz has been taken 120 times
    33 since last reset
  • The average score is 11 of 44
Answer Stats
Year Movie % Correct
2014 Guardians of the Galaxy
93%
2015 Jurassic World
87%
2019 Avengers: Endgame
67%
2017 Guardians of the Galaxy Vol. 2
67%
2018 Jurassic World: Fallen Kingdom
67%
2016 Passengers
67%
2018 Avengers: Infinity War
60%
2023 Guardians of the Galaxy Vol. 3
60%
2022 Jurassic World: Dominion
53%
2014 The Lego Movie
53%
2024 The Garfield Movie
40%
2023 The Super Mario Bros. Movie
40%
2020 Onward
33%
2021 The Tomorrow War
33%
2022 Thor: Love and Thunder
33%
2011 Moneyball
27%
2019 The Lego Movie 2: The Second Part
27%
2016 The Magnificent Seven
27%
2009 Bride Wars
20%
2013 Delivery Man
20%
2013 Her
20%
2012 Zero Dark Thirty
20%
2026 Mercy
13%
2026 The Super Mario Bros. Movie 2
13%
2011 10 Years
7%
TBD Cowboy Ninja Viking
7%
2009 Deep in the Valley
7%
2016 Don't Think Twice
7%
2013 Movie 43
7%
2025 The Electric State
7%
2019 The Kid
7%
2008 Wanted
7%
2025 Way of the Warrior Kid
7%
2008 Wieners
7%
2015 Jem and the Holograms
0%
2009 Jennifer's Body
0%
2012 Kinect Star Wars: Duel
0%
2005 Path of Destruction
0%
2005 Strangers with Candy
0%
2011 Take Me Home Tonight
0%
2003 The Extreme Team
0%
2012 The Five-Year Engagement
0%
2007 Walk the Talk
0%
2011 What's Your Number?
0%
No matching quizzes found
Score Distribution
Percent of People with Each Score
Percentile by Number Answered
Your Score History
You have not taken this quiz since the last reset